Sveitsin kantonit kartalla - Statistics

Yleistilastot
  • Tätä visaa on pelattu 21 kertaa
  • Keskiarvotulos 12 / 26
Vastaukset kartalla
Vastauksille on annettu kartalla punavihreä väri sen mukaan, kuinka moni on saanut sen oikein.
 
Vastaustilastot
Vastaus % Oikein
Geneve
83%
Basel-Landschaft
67%
Luzern
67%
Schaffhausen
67%
Zürich
67%
Appenzell Ausserrhoden
50%
Appenzell Innerrhoden
50%
Basel-Stadt
50%
Bern
50%
Fribourg
50%
Graubünden
50%
Jura
50%
Schwyz
50%
Ticino
50%
Uri
50%
Valais / Wallis
50%
Vaud
50%
Zug
50%
Aargau
33%
Glarus
33%
Neuchâtel
33%
Obwalden
33%
St. Gallen
33%
Nidwalden
17%
Solothurn
17%
Thurgau
0%
Ehtoja vastaavia visoja ei löytynyt
Tulosjakauma
Jokaisen tuloksen saaneiden osuus
Persentiili vastausten määrän mukaan
Tuloshistoriasi
Et ole pelannut tätä visaa